000 00853nam a22002537a 4500
005 20100318143211.0
008 100318t xxu||||| |||| 00| 1 eng d
010 _aENG-95910
020 _a0198065256
_c395.00
020 _a9780198065258
_c395.00
035 _aEN-79443
037 _bDBAD/PUB
040 _aDPL
082 _aN
100 _aGarg, Mridula
245 _aAnitya:
_bHalfway to nowhere/
_cby Mridula Garg
260 _aNew Delhi
_bOxforx University Press
_c2010
270 _aYMCA Library Building, Jai Singh Road
_bNew Delhi
_e110001
300 _axiv, 259p.
_c24 cm. (Hb)
500 _aIncludes Glossary
650 _aHindi Fiction
_y20th Century
942 _2ddc
_cEN
_mGAR
_hN
999 _c34753
_d34753